书目信息 |
| 题名: |
内蒙古苏贝淖湖泊沉积记录与环境演变
|
|
| 作者: | 刘宇峰 著 | |
| 分册: | ||
| 出版信息: | 北京 科学出版社 2017.03 |
|
| 页数: | 152页 | |
| 开本: | 24cm | |
| 丛书名: | ||
| 单 册: | ||
| 中图分类: | P512.2 | |
| 科图分类: | ||
| 主题词: | 湖泊沉积作用--研究--内蒙古 , 湖泊--环境演化--研究--内蒙古 | |
| 电子资源: | ||
| ISBN: | 978-7-03-051837-8 | |
| 000 | 01149nam0 2200241 450 | |
| 001 | 4559 | |
| 005 | 20181012115243.77 | |
| 010 | @a978-7-03-051837-8@dCNY72.00 | |
| 100 | @a20170802d2017 em y0chiy50 ea | |
| 101 | 0 | @achi |
| 102 | @aCN@b110000 | |
| 105 | @ay z 000yy | |
| 200 | 1 | @a内蒙古苏贝淖湖泊沉积记录与环境演变@9nei meng gu su bei nao hu bo chen ji ji lu yu huan jing yan bian@f刘宇峰著 |
| 210 | @a北京@c科学出版社@d2017.03 | |
| 215 | @a152页@d24cm | |
| 300 | @a国家自然科学基金项目等资助 | |
| 330 | @a本书选择鄂尔多斯高原南部毛乌素沙漠地区的苏贝淖及其流域为研究对象,通过野外考察,在湖区剖面采集沉积物样品,利用加速器质谱碳十四测年及光释光测年法测定沉积物样品的年龄,由此建立相对可靠的剖面年代序列框架;同时结合剖面沉积物的粒度、磁化率、地球化学元素、有机质及碳酸盐五大指标的综合分析,重建苏贝淖流域全新世以来的气候环境演变序列。研究成果对深入研究和理解该地区气候环境的演变过程和机制以及区域响应具有重要意义。 | |
| 606 | 0 | @a湖泊沉积作用@x研究@y内蒙古 |
| 606 | 0 | @a湖泊@x环境演化@x研究@y内蒙古 |
| 690 | @aP512.2@v5 | |
| 701 | 0 | @a刘宇峰@9liu yu feng@f(1981-)@4著 |
| 801 | 0 | @aCN@b91MARC@c20170802 |
| 905 | @aMuseLib@dP512.2@e133 | |
| 内蒙古苏贝淖湖泊沉积记录与环境演变/刘宇峰著.-北京:科学出版社,2017.03 |
| 152页;24cm |
| 国家自然科学基金项目等资助 |
| ISBN 978-7-03-051837-8:CNY72.00 |
| 本书选择鄂尔多斯高原南部毛乌素沙漠地区的苏贝淖及其流域为研究对象,通过野外考察,在湖区剖面采集沉积物样品,利用加速器质谱碳十四测年及光释光测年法测定沉积物样品的年龄,由此建立相对可靠的剖面年代序列框架;同时结合剖面沉积物的粒度、磁化率、地球化学元素、有机质及碳酸盐五大指标的综合分析,重建苏贝淖流域全新世以来的气候环境演变序列。研究成果对深入研究和理解该地区气候环境的演变过程和机制以及区域响应具有重要意义。 |
| ● |
| 相关链接 |
|
|
|
|
正题名:内蒙古苏贝淖湖泊沉积记录与环境演变
索取号:P512.2/133
 
预约/预借
| 序号 | 登录号 | 条形码 | 馆藏地/架位号 | 状态 | 备注 |
| 1 | 1125711 | 211257110 | 第二样本阅览室/ [索取号:P512.2/133] | 在馆 | |
| 2 | 1125712 | 211257129 | 第三借阅区/ [索取号:P512.2/133] | 在馆 | |
| 3 | 1125713 | 211257138 | 第三借阅区/ [索取号:P512.2/133] | 在馆 | |
| 4 | 1125714 | 211257147 | 第三借阅区/ [索取号:P512.2/133] | 在馆 | |
| 5 | 1125715 | 211257156 | 第三借阅区/ [索取号:P512.2/133] | 在馆 |